Museos de México y del Mundo. Vol 01. Número 01. La voluntad de mostrar, el ingenio de ver (Record no. 11034)

MARC details
000 -CABECERA
campo de control de longitud fija 01035nam a22002297a 4500
001 - NÚMERO DE CONTROL
campo de control BRCA_9412
003 - IDENTIFICADOR DEL NÚMERO DE CONTROL
campo de control FranzMayer
005 - FECHA Y HORA DE LA ÚLTIMA TRANSACCIÓN
campo de control 20230918125751.0
008 - DATOS DE LONGITUD FIJA--INFORMACIÓN GENERAL
campo de control de longitud fija 230904b |||||||| |||| 00| 0 eng d
040 ## - FUENTE DE LA CATALOGACIÓN
Centro catalogador/agencia de origen MFM
Lengua de catalogación ESPAÑOL
Centro/agencia transcriptor MFM
050 #0 - SIGNATURA TOPOGRÁFICA DE LA BIBLIOTECA DEL CONGRESO
Número de clasificación AM121.M6
Número de documento/Ítem I53 2004
110 1# - ENTRADA PRINCIPAL--NOMBRE DE ENTIDAD CORPORATIVA
Código de función/relación Responsable
Nombre de entidad corporativa o nombre de jurisdicción como elemento de entrada Conacultura
Unidad subordinada INAH
9 (RLIN) 29616
240 ## - TÍTULO UNIFORME
Título uniforme Museos de México y del Mundo. Vol 01. Número 01. La voluntad de mostrar, el ingenio de ver
Medio The Will to Show, the Talent to See
Lenguaje de la obra Inglés/Español
245 0# - MENCIÓN DE TÍTULO
Título Museos de México y del Mundo. Vol 01. Número 01. La voluntad de mostrar, el ingenio de ver
Resto del título The Will to Show, the Talent to See
260 ## - PUBLICACIÓN, DISTRIBUCIÓN, ETC.
Lugar de publicación, distribución, etc. México
Nombre del editor, distribuidor, etc. Conaculta
Fecha de publicación, distribución, etc. 2004
300 ## - DESCRIPCIÓN FÍSICA
Extensión 186 p
Otras características físicas Ilustraciones a color
Dimensiones 27 cm
500 ## - NOTA GENERAL
Nota general Anexo 1
505 ## - NOTA DE CONTENIDO CON FORMATO
Nota de contenido con formato Texto en: inglés y españolIncluye índice temáticoDirigido a: museógrafos o personas relacionadas al museo.
650 1# - PUNTO DE ACCESO ADICIONAL DE MATERIA--TÉRMINO DE MATERIA
Fuente del encabezamiento o término Museos
Término de materia o nombre geográfico como elemento de entrada Colecciones y galerías
Subdivisión de forma Museología
9 (RLIN) 29617
651 2# - PUNTO DE ACCESO ADICIONAL DE MATERIA--NOMBRE GEOGRÁFICO
Fuente del encabezamiento o término Trabajos en museos
Nombre geográfico Organización
Subdivisión de forma Museos mexicanos
9 (RLIN) 29618
942 ## - ELEMENTOS DE PUNTO DE ACCESO ADICIONAL (KOHA)
Fuente del sistema de clasificación o colocación Library of Congress Classification
Tipo de ítem Koha Hemerográfico
Holdings
Estado de retiro Estado de pérdida Fuente del sistema de clasificación o colocación Estado dañado No para préstamo Código de colección Localización permanente Ubicación/localización actual Fecha de adquisición Total de préstamos Signatura topográfica completa Código de barras Fecha visto por última vez Precio válido a partir de Tipo de ítem Koha
El ejemplar forma parte de la colección y puede ser consultado según las políticas vigentes.   Library of Congress Classification     Fondo Contemporáneo Biblioteca del Museo Franz Mayer (Rogerio Casas-Alatriste) Biblioteca del Museo Franz Mayer (Rogerio Casas-Alatriste) 04/09/2023   AM121.M6 I53 2004 CONT10183 04/09/2023 04/09/2023 Hemerográfico